Представление документа в формате MARC21

Поле Инд. ПП Название Значение
Тип записи a
Библиографический уровень b
001 Контрольный номер RU/IS/BASE/319041423
005 Дата корректировки 20250114161931.9
008 Кодируемые данные 20100209
040 b Код языка каталог. rus
e Правила каталог. PSBO
041 0_ a Код языка текста rus
084 a Индекс другой классификации/Индекс ББК 81.006.2; 60.562.5; 81.41; 71.083
245 10 a Заглавие Славянские языки и культуры в современном мире
500 a Примечание Пленарные заседания Международного симпозиума "Славянские языки и культуры в современном мире"
504 a Библиография Библиогр. в конце статьи
505 0_ a Форматированное содержание Международные симпозиум "Славянские языки и культуры в современном мире"
b Автор Петрухина Е. В.
b Автор Фролова О. Е.
b Автор Клинг О. А.
b Автор Дрябина О. В.
b Автор Шешкен А. Г.
505 0_ a Форматированное содержание Отражение языковой ситуации в художественной литературе России, Чехии и Болгарии
b Автор Гладров В.
505 0_ a Форматированное содержание Проблемы изучения и развития общеславянского лингвокультурного наследия
b Автор Шаклеин В. М.
505 0_ a Форматированное содержание Тенденции развития славянских языков: номинация/словообразование. Опыт международного сотрудничества
b Автор Онхайзер И.
505 0_ a Форматированное содержание Современное состояние и тенденции развития славянских языков (белорусский язык)
b Автор Лукашенец А. А.
505 0_ a Форматированное содержание Культура и ее отражение в языковом сознании славян
b Автор Уфимцева Н. В.
505 0_ a Форматированное содержание Поверх барьеров (общество "Словения - Россия" и межкультурное сотрудничество)
b Автор Сказа А.
505 0_ a Форматированное содержание Прагматический аспект грамматики славянских языков
b Автор Норман Б. Ю.
505 0_ a Форматированное содержание Славянские народы между взаимной солидарностью и членством в Европейском Союзе
b Автор Чарногурский Я.
505 0_ a Форматированное содержание Славистика и организованное славистическое движение в современном мире
b Автор Станкович Б.
650 04 a Основная рубрика культурология
a Основная рубрика социолингвистика
a Основная рубрика социология
a Основная рубрика филологические науки
a Основная рубрика частное языкознание; типология культуры
a Основная рубрика языкознание
653 0_ a Ключевые слова белорусский язык
a Ключевые слова болгарский язык
a Ключевые слова грамматика
a Ключевые слова история языка
a Ключевые слова культура
a Ключевые слова лингвистическая прагматика
a Ключевые слова международное сотрудничество
a Ключевые слова польский язык
a Ключевые слова Россия
a Ключевые слова русский язык
a Ключевые слова славистика
a Ключевые слова славянская культура
a Ключевые слова славянские языки
a Ключевые слова Словения
a Ключевые слова словообразование
a Ключевые слова художественная литература
a Ключевые слова художественный текст
a Ключевые слова чешский язык
a Ключевые слова этнолингвистика
a Ключевые слова этнолингвистические исследования
a Ключевые слова языковая ситуация
a Ключевые слова языковое сознание
700 1_ a Автор Петрухина Е. В.
700 1_ a Автор Фролова О. Е.
700 1_ a Автор Клинг О. А.
700 1_ a Автор Дрябина О. В.
700 1_ a Автор Шешкен А. Г.
700 1_ a Автор Гладров В.
700 1_ a Автор Шаклеин В. М.
700 1_ a Автор Онхайзер И.
700 1_ a Автор Лукашенец А. А.
700 1_ a Автор Норман Б. Ю.
700 1_ a Автор Уфимцева Н. В.
700 1_ a Автор Сказа А.
700 1_ a Автор Чарногурский Я.
700 1_ a Автор Станкович Б.
773 18 t Заглавие источника Вестник Московского университета. Серия 9, Филология
d Дата издания источника 2009
g Прочая информация № 5. - С. 7 - 110 : табл.
w Контрольный № источника RU/IS/BASE/317399320
901 t Тип документа b